The unpredictable past : explorations in American cultural history

Αποθηκεύτηκε σε:
Λεπτομέρειες βιβλιογραφικής εγγραφής
Κύριος συγγραφέας: Levine, Lawrence W.
Μορφή: Βιβλίο
Γλώσσα:English
Δημοσίευση: Oxford : Oxford University Press, 1993
Θέματα:
Ετικέτες: Προσθήκη ετικέτας
Δεν υπάρχουν, Καταχωρήστε ετικέτα πρώτοι!

MARC

LEADER 00000nam a2200000 i 4500
001 1/5831
008 960617s1993 eng d
020 |a 0-19-508297-4 
035 |l 10016144 
040 |a GR-MY-UA  |b gre  |e aacr 
041 0 |a eng 
082 0 |a 973.0496073 
100 1 |a Levine, Lawrence W. 
245 1 4 |a The unpredictable past :  |b explorations in American cultural history /  |c Lawrence W. Levine 
260 |a Oxford :   |b Oxford University Press,   |c 1993 
300 |a 372 p. 
504 |a Includes bibliographical references and index 
650 0 0 |a African Americans  |x History. 
650 0 0 |a Popular culture  |z United States  |x History. 
651 0 |a United States  |x Historiography. 
852 |a INST  |b LESVOS  |e 19960617  |h 973.0496073 LEV  |p 005100009958  |q 005100009958  |t BK  |y 0 
909 |a Λ  |b 044185